Mirabel's villain song we don't talk about bruno - Statistics

General Stats
  • This quiz has been taken 47 times
  • The average score is 164 of 327
Answer Stats
Hint Answer % Correct
109 | 115 | 150 | 158 a
100%
4 | 13 | 75 | +5 others about
100%
5 | 14 | 51 | +6 others bruno
100%
2 | 11 | 43 | +7 others don't
100%
61 | 202 | 217 | +2 others i
100%
6 | 7 | 8 | +12 others no
100%
3 | 12 | 74 | +4 others talk
100%
92 was
100%
1 | 10 | 72 | +3 others we
100%
27 | 42 | 89 | +2 others but
78%
34 | 47 | 198 | 271 in
78%
285 it
78%
20 he
67%
41 rain
67%
230 for
56%
17 him
56%
242 my
56%
68 | 153 | 308 of
56%
55 on
56%
40 | 45 | 64 | +7 others the
56%
97 | 107 | 117 | +6 others to
56%
15 | 25 | 32 | +13 others you
56%
35 | 48 | 90 | +9 others your
56%
112 | 119 | 154 | +3 others all
44%
122 | 146 | 278 | 310 and
44%
59 | 233 as
44%
19 away
44%
139 | 168 back
44%
71 | 114 be
44%
65 fear
44%
39 | 50 | 100 | +3 others from
44%
313 hear
44%
29 | 88 heard
44%
60 if
44%
170 | 246 | 268 i'm
44%
215 knows
44%
56 me
44%
38 off
44%
214 one
44%
26 | 315 say
44%
44 | 63 | 203 | +2 others see
44%
24 | 163 | 174 so
44%
52 then
44%
176 | 212 think
44%
118 us
44%
18 | 197 walk
44%
69 | 301 what
44%
179 | 195 when
44%
248 with
44%
104 you're
44%
30 another
33%
140 ashore
33%
111 at
33%
162 | 283 blame
33%
194 bloom
33%
37 close
33%
159 curse
33%
46 damage
33%
93 deafening
33%
95 decibel
33%
222 disguise
33%
171 | 247 done
33%
67 dread
33%
132 drown
33%
94 each
33%
85 every
33%
147 everyone's
33%
193 flowers
33%
33 | 208 hide
33%
22 himself
33%
70 | 292 | 311 i'll
33%
244 is
33%
28 | 296 i've
33%
21 left
33%
130 let
33%
297 lost
33%
256 | 260 love
33%
16 made
33%
108 make
33%
103 | 175 maybe
33%
23 | 102 | 126 or
33%
129 overboard
33%
209 poison
33%
137 pull
33%
164 quick
33%
135 reach
33%
219 right
33%
200 room
33%
210 rose
33%
157 | 160 she's
33%
91 silence
33%
86 | 110 sound
33%
31 take
33%
138 them
33%
206 thorns
33%
220 through
33%
54 | 166 turn
33%
178 twice
33%
49 wake
33%
58 whisper
33%
99 yourself
33%
239 above
22%
236 and
22%
125 | 144 boat
22%
151 constant
22%
116 danger
22%
309 days
22%
149 | 266 down
22%
307 end
22%
245 ending
22%
273 fairytale
22%
265 family
22%
133 fore
22%
252 | 257 free
22%
128 | 148 going
22%
227 heartache
22%
305 it's
22%
156 lack
22%
101 meddling
22%
173 nice
22%
142 now
22%
131 others
22%
277 out
22%
172 playing
22%
250 pretending
22%
237 reigned
22%
127 risk
22%
235 ruled
22%
229 sacrifice
22%
232 sake
22%
98 save
22%
106 scare
22%
113 she'll
22%
152 sign
22%
145 sinking
22%
121 stand
22%
36 storm
22%
224 suffered
22%
295 that
22%
226 | 249 | 264 this
22%
105 too
22%
270 villain
22%
141 | 169 | 240 well
22%
303 apathy
11%
263 bring
11%
254 chasing
11%
304 cost
11%
96 dismissible
11%
290 family's
11%
286 feels
11%
251 finally
11%
284 how's
11%
280 just
11%
291 name
11%
241 now
11%
243 pain
11%
293 reclaim
11%
123 rock
11%
275 sand
11%
325 should've
11%
312 still
11%
326 talked
11%
279 there's
11%
261 time
11%
300 understand
11%
267 yeah
11%
276 runs
0%
288 stain
0%
No matching quizzes found
Score Distribution
Percent of People with Each Score
Percentile by Number Answered
Your Score History
You have not taken this quiz